000 00538nam a2200181Ia 4500
005 20250326125703.0
008 250326s9999 xx 000 0 und d
037 _aTextbook
040 _aFMSL
_beng
_cFMSL
041 _aeng
_2eng
084 _aX72.44r L7
_qFMSL
100 _aReforms T
_9739489
245 0 _aNinth all India seminar on taxation
_cReforms T
260 _aNew Delhi
_bNew Delhi, Institutf Of Chartered Accountants Of India
_c1977
300 _avp
942 _cTB
_hX72.44r L7
999 _c1279126
_d1279126